Countries with the Most Polish Speakers - Statistics

General Stats
  • This quiz has been taken 124 times
    35 since last reset
  • The average score is 22 of 26
Answer Stats
Polish Speakers Country % Correct
65,000 Czechia
100%
983,000 Germany
100%
37,868,618 Poland
100%
1,020,000 United States
100%
275,288 France
97%
67,400 Russia
97%
61,926 Spain
97%
76,000 Sweden
97%
724,014 United Kingdom
97%
289,000 Canada
93%
3,821 Slovakia
93%
51,399 Australia
90%
5,982 Finland
87%
3,500 Hungary
87%
38,000 Ukraine
87%
55,000 Belarus
83%
34,000 Latvia
83%
160,506 Lithuania
83%
30,598 Austria
80%
16,298 Belgium
80%
69,000 Netherlands
80%
2,080 Romania
80%
135,895 Ireland
73%
9,012 Iceland
53%
3,251 Luxembourg
50%
125,000 Israel
40%
No matching quizzes found
Score Distribution
Percent of People with Each Score
Percentile by Number Answered
Your Score History
You have not taken this quiz since the last reset